Yugoslavian Countries Map Quiz - Statistics

General Stats
  • This quiz has been taken 78 times
  • The average score is 7 of 7
Answers on the Map
Answers color-coded by a green-red scale on the quiz's map according to % correct below.
 
Answer Stats
Country % Correct
Croatia
99%
Montenegro
97%
Serbia
97%
Slovenia
96%
Bosnia and Herzegovina
95%
Kosovo
92%
North Macedonia
92%
No matching quizzes found
Score Distribution
Percent of People with Each Score
Percentile by Number Answered
Your Score History
You have not taken this quiz